| 000 | 00591nam a2200205Ia 4500 | ||
|---|---|---|---|
| 003 | GCL | ||
| 008 | 140319s9999 xx 000 0 ara d | ||
| 040 |
_aGCL / _cGCL |
||
| 082 | 0 | 4 |
_a953.0736 _bح م |
| 100 | 1 | _aسيدة اسماعيل الكاشف | |
| 245 | 1 | 0 |
_aمصر فى عصر الطولونيين / _cسيدة اسماعيل الكاشف |
| 700 | 1 | _aحسن احمد محمود | |
| 300 | _a300 ص | ||
| 490 | _a | ||
| 650 | 0 | 4 | _aمصر |
| 650 | 0 | 4 | _aالتاريخ الاسلامى |
| 650 | 0 | 4 | _aالتاريخ |
| 650 | 0 | 4 | _aالدولة الطولونية |
| 942 |
_2ddc _cBK |
||
| 999 |
_c45391 _d45391 |
||